Регионална библиотека "Любен Каравелов" - Русе

Избрани произведения : В 8 т. (Запис номер 183423)

MARC детайли
000 -Лидер
Контролно поле с фиксирана дължина nam a22 a 4500
003 - Код на организацията, давaща контролен номер
Контролно поле BLK
005 - Дата и час на последна редакция
Контролно поле 20220729114213.0
008 - Елементи от данни с фиксирана дължина
fixed length control field 180411b bul|||||r ||||||| ||bul||
010 ## - Наследен системен номер
LC control number KNG00192354000
040 ## - Източник на каталожния запис
Идентификатор на билиотеката - собственик на записа BLK
041 ## - Код за език
Код за езика на текст/звукозапис или на отделно заглавие Български
Код за езика КДБФ Български
080 ## - УДК
Текстов определител УДК Комунистически партии. Вж и 327.323
УДК код - определител по УДК 329.15
УДК - код + определител 329.15
100 1# - Редна дума - Автор
Автор Димитров, Георги
Авторска отговорност първи автор
Автор - информация (биография) Иванов, Георги Димитров
R(LIN) 364031
139 ## - Редно поле
Редна дума Димитров, Георги
Авторски знак Дими - Д 58
245 10 - Сведения за заглавието
Заглавие Избрани произведения : В 8 т.
Редно поле (дума) Георги Димитров; * Георги Димитров Михайлов.
Том Т. 6
257 ## - Страна на издаване
Страна на създаване/издаване България
260 ## - Област на издателските данни
Място на издаване, разпространение и проч. София
Име на издателя, разпространителя и проч. Партиздат
Година на издаване 1972 -
300 ## - Физическа характеристика
Размери/Мащаб 18 см
380 ## - Жанр
Жанр Обществени науки
500 ## - Общи забележки
Забележка 8 150 тир.
650 #4 - Допълнително описание по предмет – тема
Основно описание – тема или топоним БКП
9 (RLIN) 148775
653 #7 - Ключова дума – ненормативна
Ключова дума Георги Димитров
9 (RLIN) 184006
700 1# - Други автори (авторска отговорност)
Лично име Михайлов, Георги Димитров
Автороска отговорност (Описва отношението между автора и произведението) *
9 (RLIN) 279944
760 1# - Описание на основната серия
Редна дума на основното описание Димитров, Георги
Страници - том 319 с., 18 см
Заглавие Т. 6
852 ## - Местоположение
Форматна сигнатура Цб 62938
Фондова буква Хранилище
856 4# - Електронен адрес и достъп
Електронен формат pdf - файл
856 4# - Електронен адрес и достъп
Електронен формат pdf - файл
999 ## - СИСТЕМНИ КОНТРОЛНИ НОМЕРА
Koha biblionumber 183423
Koha biblioitemnumber 183423
942 ## - АРТИКУЛИ
Вид на библиотечния материал Книги
Скрит в OPAC Не
Периодичен библиозапис Да
944 ## - СЪЗДАВАНЕ И РЕДАКЦИЯ на ЗАПИСА
Създаване/Редакция Създаване
Дата на регистрацията/редакция 11.10.2016
Служител, извършил регистрацията/редакцията Радостина_Карадакова
944 ## - СЪЗДАВАНЕ И РЕДАКЦИЯ на ЗАПИСА
Създаване/Редакция Редакция
Дата на регистрацията/редакция 11.10.2016
Служител, извършил регистрацията/редакцията Радостина_Карадакова
999 ## - СИСТЕМНИ КОНТРОЛНИ НОМЕРА
Koha biblioitemnumber 183423
Наличности
Код за отписване Код за изгубен артикул Източник на класификационната схема Код за повреда Коз за рестрикции Код за отдаване Артикулен № Име на библиотеката - собственик Име на библиотеката, в която се намира в момента Статус (Текущо местоположение) Дата на вписване в системата Местоположение - отдел Цена в лева Инвентарен номер Систематично азбучна сигнатура Баркод Номер на екземпляра Цена в евро Служебна бележка Служебен тип на артикула
  Не е изгубен Universal Decimal Classification Не е повреден само за читалня ползва се в читалня 316297 Регионална библиотека "Любен Каравелов" Русе Регионална библиотека "Любен Каравелов" Русе Хранилище 1972-01-01 Хранилище 0.85 118003 Цб 62938 120000118003 1 0.43 N: стар фонд Дата: 01.01.1972 Книги
Vip Innovations Ltd, Rousse, Bulgaria 2025